[Event "RUS-sf"]
[Site "Briansk"]
[Date "1995.??.??"]
[Round "2"]
[White "Dukhov, Alexander"]
[Black "Petrushin, Alexander I"]
[Result "0-1"]
[WhiteElo "2340"]
[BlackElo "2485"]

1.d4 Nf6 2.c4 g6 3.Nc3 Bg7 4.e4 d6 5.Be2 O-O 6.Nf3 e5 7.O-O Nc6 8.d5 Ne7
9.Nd2 Ne8 10.b4 f5 11.a4 fxe4 12.Ndxe4 Nf5 13.c5 Nf6 14.Ba3 Nxe4 15.Nxe4 Rf7
16.Bc4 Nd4 17.cxd6 cxd6 18.b5 Bf8 19.f4 Bg7 20.Nxd6 Rxf4 21.Rxf4 exf4 22.Rc1 f3
23.Qd2 Qh4 24.Bf1 Ne2+ 25.Bxe2 Bd4+ 26.Kh1 fxg2+ 27.Kxg2 Bh3+ 28.Kh1 Qf2
29.Qg5 Be5  0-1

[Event "RUS-chT"]
[Site "Briansk"]
[Date "1995.??.??"]
[Round "6"]
[White "Shariyazdanov, Andrey"]
[Black "Pugachov, Alexey"]
[Result "1-0"]
[WhiteElo "2460"]
[BlackElo "2475"]

1.d4 Nf6 2.c4 g6 3.Nc3 Bg7 4.e4 d6 5.Be2 O-O 6.Nf3 e5 7.O-O Nc6 8.d5 Ne7
9.b4 Nh5 10.g3 f5 11.Ng5 Nf6 12.f3 c6 13.Be3 h6 14.Ne6 Bxe6 15.dxe6 Ne8 16.Qb3 Nc7
17.Rad1 f4 18.Bf2 fxg3 19.hxg3 Kh7 20.c5 d5 21.exd5 cxd5 22.Nxd5 Nexd5 23.Bc4 Nxe6
24.Bxd5 Nd4 25.Bxd4 exd4 26.Kg2 Qc7 27.Be4 Rae8 28.Qd3 Re6 29.Rc1 Qe7 30.Rh1 Kh8
31.b5 g5 32.c6 bxc6 33.bxc6 g4 34.c7 Rc8 35.Bf5 Re2+ 36.Kf1 Re3 37.Bxc8 Rxd3
38.Bxg4 Rd1+ 39.Kg2  1-0

[Event "RUS-chT"]
[Site "Briansk"]
[Date "1995.??.??"]
[Round "7"]
[White "Gagarin, Vasilij"]
[Black "Shliahtin, IE."]
[Result "1-0"]
[WhiteElo "2440"]
[BlackElo "2280"]

1.d4 Nf6 2.Nf3 g6 3.c4 Bg7 4.Nc3 O-O 5.e4 d6 6.Be2 e5 7.O-O Nc6 8.d5 Ne7
9.Nd2 Ne8 10.b4 f5 11.c5 Nf6 12.f3 f4 13.Nc4 g5 14.a4 Rf7 15.Nb5 Ne8 16.Bd2 Ng6
17.cxd6 cxd6 18.Be1 Bd7 19.Na5 Bf6 20.Bf2 Qb8 21.Rc1 Bd8 22.Qb3 Bxa5 23.bxa5 a6
24.Na3 Qd8 25.Nc4 Rc8 26.Qb4 Qf6 27.Qxb7 g4 28.Nb6 Rxc1 29.Rxc1 Bb5 30.Qxf7+ Kxf7
31.axb5 g3 32.Be1 Qh4 33.h3 Nf6 34.bxa6 Nxe4 35.a7 Ng5  1-0

[Event "Brno-A"]
[Site "Brno"]
[Date "1995.??.??"]
[Round "3"]
[White "Sulzbach, Sven"]
[Black "Mrva, Martin"]
[Result "0-1"]
[WhiteElo "2245"]
[BlackElo "2405"]

1.d4 Nf6 2.c4 g6 3.Nc3 Bg7 4.e4 d6 5.Be2 O-O 6.Nf3 e5 7.O-O Nc6 8.d5 Ne7
9.Ne1 Nd7 10.Be3 f5 11.f3 f4 12.Bf2 g5 13.a4 Ng6 14.a5 Rf7 15.c5 Nxc5 16.Bxc5 dxc5
17.Bc4 Kh8 18.a6 Rf6 19.axb7 Bxb7 20.Nd3 Bf8 21.Ra5 a6 22.Qd2 Bc8 23.Na4 g4
24.fxg4 Bxg4 25.Naxc5 Bd6 26.Nf2 Bc8 27.Ne6 Qe7 28.Qd1 Nh4 29.Qh5 Rg6 30.Ng4 Bxe6
31.dxe6 Rxg4 32.Qxg4 Rg8 33.Qh3 Nxg2 34.Kh1 Ne3 35.Rc1 Ng4 36.Rf1 Ne3 37.Rc1 Ng4
38.Rf1 Bc5 39.Rxc5 Qxc5 40.e7 Qxc4  0-1

[Event "Brno-A"]
[Site "Brno"]
[Date "1995.??.??"]
[Round "5"]
[White "Kratochwil, Christian"]
[Black "Mrva, Martin"]
[Result "1-0"]
[WhiteElo "2360"]
[BlackElo "2405"]

1.d4 Nf6 2.c4 g6 3.Nc3 Bg7 4.e4 d6 5.Be2 O-O 6.Nf3 e5 7.O-O Nc6 8.d5 Ne7
9.Ne1 Nd7 10.Be3 f5 11.f3 f4 12.Bf2 g5 13.a4 Rf6 14.a5 Rg6 15.Nb5 g4 16.fxg4 Nf6
17.h3 Nxe4 18.Qc2 Nxf2 19.Rxf2 Bf6 20.Nf3 Rg7 21.Nc3 Ng6 22.Ne4 Nh4 23.Nh2 Be7
24.b4 Kh8 25.Qc3 Qg8 26.Rd1 h5 27.c5 Bf5 28.Bf3 hxg4 29.Nxg4 Nxf3+ 30.gxf3 Bxe4
31.fxe4 Rxg4+ 32.hxg4 Qxg4+ 33.Kh2 Rg8 34.Qh3+ Qxh3+ 35.Kxh3 Rg3+ 36.Kh2 Rb3
37.cxd6 Bxd6 38.Rg2 Bxb4 39.Rh1 Bc5 40.Rg5 Rg3 41.Rxg3 fxg3+ 42.Kxg3+ Kg7
43.Rc1 b6 44.Kg4 Kf6 45.Rf1+ Ke7 46.Kf5 Bd4 47.a6 Kd6 48.Rd1 b5 49.Kf6 Bc3
50.Rd3 b4 51.Rh3 c6 52.Rh7 Bd4 53.dxc6 Kxc6 54.Rb7 Bb6 55.Kxe5 b3 56.Rh7 b2
57.Rh1 Be3 58.Rb1 Bd2 59.Kd4 Bc1 60.e5 Kd7 61.Kd5 Ke7 62.Kc6 Ke6 63.Kb7 Be3
64.Rxb2 Bd4 65.Rb5 Be3 66.Kb8 Bd4 67.Rb7 Bxe5+ 68.Kxa7 Kd6 69.Rb5  1-0

[Event "Brussels op"]
[Site "Brussels"]
[Date "1995.??.??"]
[Round "?"]
[White "Chuchelov, Vladimir"]
[Black "Thiteca, T."]
[Result "1-0"]
[WhiteElo "2530"]
[BlackElo "2155"]

1.d4 Nf6 2.Nf3 g6 3.c4 Bg7 4.Nc3 d6 5.e4 O-O 6.Be2 e5 7.O-O Nc6 8.d5 Ne7
9.Nd2 Nd7 10.b4 f5 11.c5 Nf6 12.f3 Kh8 13.Nc4 f4 14.a4 g5 15.Ba3 Ne8 16.b5 Rf6
17.b6 axb6 18.cxb6 c5 19.dxc6 Nxc6 20.Nd5 Rh6 21.Nc7 g4 22.fxg4 Nxc7 23.bxc7 Qh4
24.h3 Nd4 25.Bxd6 Qg3 26.Ra3 f3 27.Raxf3 Nxf3+ 28.Rxf3 Qh4 29.Be7  1-0

[Event "Bucharest"]
[Site "Bucharest"]
[Date "1995.??.??"]
[Round "4"]
[White "Berechet, Otiliu"]
[Black "Popescu, Daniel Dorin"]
[Result "0-1"]
[WhiteElo "2415"]
[BlackElo "2420"]

1.c4 Nf6 2.Nc3 g6 3.e4 d6 4.d4 Bg7 5.Be2 O-O 6.Nf3 e5 7.O-O Nc6 8.d5 Ne7
9.Ne1 Nd7 10.Nd3 f5 11.Bd2 Kh8 12.a4 a5 13.f3 Ng8 14.Qc1 Ngf6 15.g3 c5 16.dxc6 bxc6
17.Rd1 Ba6 18.b3 fxe4 19.fxe4 d5 20.cxd5 cxd5 21.Nb5 Rc8 22.Qc3 Qb6+ 23.Kh1 d4
24.Qxa5 Qc6 25.Kg1 Bb7 26.Kf2 Ng4+  0-1

[Event "Bucharest"]
[Site "Bucharest"]
[Date "1995.??.??"]
[Round "9"]
[White "Manolache, Marius"]
[Black "Badea, Bela"]
[Result "0-1"]
[WhiteElo "2375"]
[BlackElo "2490"]

1.d4 Nf6 2.c4 g6 3.Nc3 Bg7 4.e4 d6 5.Be2 O-O 6.Nf3 e5 7.O-O Nc6 8.d5 Ne7
9.Nd2 a5 10.Rb1 Nd7 11.a3 f5 12.b4 Kh8 13.f3 Ng8 14.Qc2 Ngf6 15.Bd3 f4 16.Nb5 b6
17.Bb2 Ne8 18.Nb3 a4 19.Nc1 g5 20.Be2 Rg8 21.Nd3 Ndf6 22.c5 g4 23.cxd6 cxd6
24.Qc6 Ba6 25.Nxd6 Nxd6 26.Nxe5 Bxe2 27.Qxd6 Rf8 28.Qxd8 Raxd8 29.Rf2 gxf3
30.gxf3 Bb5 31.Rg2 Nh5 32.Rg5 Be8 33.Rc1 Bf6 34.Rf5 Kg8 35.Kf2 Bh4+ 36.Kg2 Rxf5
37.exf5 Bf6 38.Rd1 Ng7 39.Kh3 Bxe5 40.Bxe5 Nxf5 41.Bc7 Rc8 42.d6 Bd7 43.Rg1+ Kf7
44.Bxb6 Nd4+ 45.Kg2 Rc2+ 46.Kh1 Nxf3 47.Rg2 Rc1+ 48.Bg1 Nxg1  0-1

[Event "Bucharest"]
[Site "Bucharest"]
[Date "1995.??.??"]
[Round "10"]
[White "Manolache, Marius"]
[Black "Popescu, Daniel Dorin"]
[Result "1-0"]
[WhiteElo "2375"]
[BlackElo "2420"]

1.d4 Nf6 2.c4 g6 3.Nc3 Bg7 4.e4 d6 5.Be2 O-O 6.Nf3 e5 7.O-O Nc6 8.d5 Ne7
9.Nd2 a5 10.Rb1 Nd7 11.a3 f5 12.b4 Kh8 13.f3 Ng8 14.Bd3 f4 15.Nb5 g5 16.Bb2 b6
17.Bc3 a4 18.Qe2 h5 19.c5 bxc5 20.Nc4 Ngf6 21.Na5 Ne8 22.Nc6 Qf6 23.Nba7 Bb7
24.Ba6 Bxa6 25.Qxa6 c4 26.Qb7 Nb6 27.Nb5 Qf7 28.Be1 Nf6 29.Qxc7 Qxc7 30.Nxc7 Rac8
31.Ne6 Rfe8 32.Na7 Rb8 33.Nc6 Rb7 34.Rd1 g4 35.Bf2 Rg8 36.Ned8 Rxd8 37.Nxd8 Rb8
38.Nf7+ Kg8 39.Nxd6 Bf8 40.Bxb6 Bxd6 41.Bf2 Ne8 42.Rc1 Nc7 43.Rxc4 Nb5 44.Rc6 Bf8
45.Bc5 Bg7 46.d6 Rd8 47.Rb6 Nxa3 48.Rc1 Bf8 49.b5  1-0

[Event "Budapest FS07 GM"]
[Site "Budapest"]
[Date "1995.??.??"]
[Round "?"]
[White "Petrosian, Karen"]
[Black "Enders, Peter"]
[Result "1/2-1/2"]
[WhiteElo "2400"]
[BlackElo "2470"]

1.d4 Nf6 2.c4 g6 3.Nc3 Bg7 4.e4 d6 5.Nf3 O-O 6.Be2 e5 7.O-O Nc6 8.d5 Ne7
9.Ne1 Ne8 10.f3 f5 11.g4 Kh8 12.h4 Ng8 13.Ng2 Bf6 14.Qe1 Be7 15.Be3 Bd7 16.Bf2 Ng7
17.Kh2 c5 18.a3 Nf6 19.Qd1 fxg4 20.fxg4 h5 21.g5 Ng4+ 22.Kg1 Nxf2 23.Rxf2 Rxf2
24.Kxf2 a6 25.Kg1 Kg8 26.Qd2 Qa5 27.Rf1 Rf8  1/2-1/2

[Event "Budapest FS07 GM"]
[Site "Budapest"]
[Date "1995.??.??"]
[Round "?"]
[White "Gyimesi, Zoltan"]
[Black "Enders, Peter"]
[Result "0-1"]
[WhiteElo "2525"]
[BlackElo "2470"]

1.d4 Nf6 2.c4 g6 3.Nc3 Bg7 4.e4 d6 5.Nf3 O-O 6.Be2 e5 7.O-O Nc6 8.d5 Ne7
9.Ne1 Ne8 10.Nd3 f5 11.Bd2 Nf6 12.f3 f4 13.g4 c5 14.h4 Bd7 15.Kg2 a6 16.Nf2 Ne8
17.a3 Nc8 18.Rh1 Bf6 19.h5 gxh5 20.Rxh5 Ng7 21.Rh2 Ne7 22.Qh1 Ng6 23.Rg1 Rf7
24.Kf1 Bg5 25.Be1 b5 26.Rxh7 Nh4 27.Nh3 Kxh7 28.Nxg5+ Qxg5 29.cxb5 axb5 30.Nxb5 Ne8
31.Bxh4 Qh6 32.Rg2 Kg6 33.Rh2 Rh7 34.Bg3 Qg7 35.Be1 Rb8 36.a4 Bxb5 37.axb5 Nc7
38.Rh5 Qh8 39.b4 c4 40.Rxh7 Qxh7 41.Qxh7+ Kxh7 42.Bxc4 Nxb5 43.Bxb5 Rxb5
44.Ke2 Kg6 45.Kd3 Rb8 46.Kc4 Rc8+ 47.Kd3 Rc1 48.Bh4 Kf7 49.b5 Rb1 50.Kc4 Ke8
51.g5 Kd7 52.g6 Rg1 53.b6 Rxg6 54.Kb5 Rg1 55.Ka6 Ra1+ 56.Kb7 Ra3 57.Kb8 Rxf3
58.b7 Ra3 59.Bf2 f3 60.Ba7 Rb3 61.Bg1 Rb2 62.Be3 f2 63.Bxf2 Rxf2 64.Ka7 Ra2+
65.Kb6 Rb2+ 66.Ka7 Kc7  0-1

[Event "Budapest FS11 GM"]
[Site "Budapest"]
[Date "1995.??.??"]
[Round "1"]
[White "Kaabi, Mejdi"]
[Black "Kahn, Evarth"]
[Result "0-1"]
[WhiteElo "2365"]
[BlackElo "2350"]

1.d4 Nf6 2.c4 g6 3.Nc3 Bg7 4.e4 O-O 5.Nf3 d6 6.Be2 e5 7.O-O Nc6 8.d5 Ne7
9.b4 a5 10.Ba3 Nd7 11.bxa5 Rxa5 12.Bb4 Ra8 13.Nd2 f5 14.Nb3 b6 15.a4 Nc5
16.Bxc5 bxc5 17.f3 Bh6 18.Qd3 Kh8 19.a5 Ra6 20.Nb5 Ng8 21.g3 Nf6 22.Rf2 Kg7
23.Nc3 fxe4 24.fxe4 Bh3 25.Ra2 Qd7 26.Bf3 Bg5 27.Rae2 h5 28.Bg2 Raa8 29.Nb5 Bxg2
30.Rxg2 Rf7 31.Rgf2 Qh3 32.Qf3 Raf8 33.Qg2 Qc8 34.h3 h4 35.g4 Bf4 36.Rf3 Nh7
37.Kh1 Ng5 38.Rf1 Bg3 39.Rxf7+ Rxf7 40.Kg1 Rf3 41.Nd2 Rd3 42.Na7 Qa6 43.Nc6 Bf4  0-1

[Event "Budapest Elekes"]
[Site "Budapest"]
[Date "1995.??.??"]
[Round "1"]
[White "Gonzalez, GJ."]
[Black "Thoma, Robert"]
[Result "1-0"]
[WhiteElo "2360"]
[BlackElo "2285"]

1.d4 Nf6 2.c4 g6 3.Nc3 Bg7 4.e4 d6 5.Be2 O-O 6.Nf3 e5 7.O-O Nc6 8.d5 Ne7
9.Nd2 Ne8 10.b4 f5 11.c5 a5 12.bxa5 fxe4 13.a6 bxa6 14.Ndxe4 Nf5 15.Bg4 Rb8
16.Bg5 Qd7 17.Rb1 Rxb1 18.Qxb1 h6 19.c6 Qf7 20.Qb8 Kh8 21.Qxc8 Nf6 22.Qxa6 Nxg4
23.Qe2 h5 24.h3 Nd4 25.Qd2 Nf6 26.Bxf6 Bxf6 27.a4 Kg7 28.Qd3 Ra8 29.f4 Qe7
30.Nxf6 Qxf6 31.Ne4 Qe7 32.fxe5 Qxe5 33.Nc3 Nf5 34.Rb1 Qf4 35.Rf1 Qe5 36.Rb1 Qf4
37.Re1 Rb8 38.Qe4 Qd2 39.Nb5 Rf8 40.Rf1 Rf7 41.Qf3 Qb2 42.Qc3+ Qxc3 43.Nxc3 Rf8
44.g4 hxg4 45.hxg4 Ne3 46.Rxf8 Kxf8 47.a5  1-0

[Event "Budapest FS04 GM"]
[Site "Budapest"]
[Date "1995.??.??"]
[Round "1"]
[White "Volzhin, Alexander"]
[Black "Gonzalez Garcia, Jose"]
[Result "1/2-1/2"]
[WhiteElo "2425"]
[BlackElo "2360"]

1.d4 Nf6 2.c4 g6 3.Nc3 Bg7 4.e4 d6 5.Nf3 O-O 6.Be2 e5 7.O-O Nc6 8.d5 Ne7
9.Nd2 a5 10.a3 Bd7 11.b3 c6 12.Rb1 b5 13.dxc6 b4 14.Nd5 Nxc6 15.Nxf6+ Bxf6
16.Nf3 Qc7 17.axb4 Nxb4 18.Ne1  1/2-1/2

[Event "Budapest FS04 GM"]
[Site "Budapest"]
[Date "1995.??.??"]
[Round "2"]
[White "Gonzalez Garcia, Jose"]
[Black "Farago, Sandor"]
[Result "1-0"]
[WhiteElo "2360"]
[BlackElo "2360"]

1.d4 Nf6 2.c4 g6 3.Nc3 Bg7 4.e4 d6 5.Be2 O-O 6.Nf3 e5 7.O-O Nc6 8.d5 Ne7
9.Nd2 c5 10.Rb1 Ne8 11.b4 b6 12.bxc5 bxc5 13.Nb3 f5 14.Bg5 Rf7 15.exf5 Bxf5
16.Bd3 Bf6 17.Be3 Ng7 18.g4 Bxd3 19.Qxd3 g5 20.Ne4 Ng6 21.Qd2 h6 22.Qa5 Qd7
23.h3 Be7 24.Nbd2 Nh4 25.Qa6 Ne8 26.Rb7 Qc8 27.Rfb1 Bd8 28.Qb5 Bc7 29.Qc6 Bb6
30.Qxc8 Rxc8 31.Rxf7 Kxf7 32.f3 Ke7 33.Nxg5 Nf6 34.Ne6 Rh8 35.Kf2 Ng6 36.Kg3 Nf8
37.Nxf8 Kxf8 38.a4 Kg7 39.Rb5 Ne8 40.Ne4 Nc7 41.Rb1 Rd8 42.Bd2 Ne8 43.a5 Bc7
44.Rb7 a6 45.Ra7 Rb8 46.Nxd6 Nxd6 47.Rxc7+ Kg8 48.Bc3 Rb3 49.Bxe5 Nxc4 50.Bf4 Rd3
51.Rxc5 Na3 52.d6 Nb5 53.Rxb5 axb5 54.a6 Kf7 55.a7 Ra3 56.d7 Ke7 57.Bd6+  1-0

[Event "Budapest FS10 IM-A"]
[Site "Budapest"]
[Date "1995.??.??"]
[Round "3"]
[White "Zimmerman, Yuri"]
[Black "Kahn, Evarth"]
[Result "1-0"]
[WhiteElo "2375"]
[BlackElo "2350"]

1.d4 Nf6 2.c4 g6 3.Nc3 Bg7 4.e4 O-O 5.Nf3 d6 6.Be2 e5 7.O-O Nc6 8.d5 Ne7
9.Ne1 Nd7 10.Be3 f5 11.f3 f4 12.Bf2 g5 13.a4 Nf6 14.c5 Ng6 15.cxd6 cxd6 16.a5 h5
17.Nb5 g4 18.Nxa7 Rxa7 19.Bxa7 g3 20.Bb6 Qe7 21.Rc1 Nd7 22.Rxc8 Rxc8 23.Qb3 gxh2+
24.Kxh2 Nxb6 25.Qxb6 Bf6 26.Nd3 Rc2 27.Bd1 Rd2 28.Nf2 Bh4 29.Ba4 Qg5 30.Kg1 Bg3
31.Qxd6 Nh4 32.Qb8+ Kg7 33.Qxb7+ Kh6 34.Qc6+ Kg7 35.Qc7+ Kh6 36.Qb6+ Kg7
37.Qa7+ Kh6 38.Qa6+ Kg7 39.Qb7+ Kh6 40.Qc6+ Kg7 41.Qd7+ Kh6 42.Qe6+ Kg7 43.Qd7+ Kh6
44.Qd6+ Kg7 45.Qc7+ Kh6 46.Qb6+ Kg7 47.Kh1 Bh2 48.Qa7+ Kh6 49.Qa6+ Kg7 50.Qb7+ Kh6
51.Qb6+ Kg7 52.Qc7+ Kh6 53.Qd6+ Kg7 54.Qd7+ Kh6 55.Qe6+ Kg7 56.Qd7+ Kh6 57.Qh3 Bg3
58.Qe6+ Kh7 59.Qf7+ Kh6 60.Qf8+ Kh7 61.Qf7+ Kh6 62.Rc1 Rxf2 63.Rc6+ Qg6 64.Qf8+ Kg5
65.Qd8+ Kh6 66.Qh8+ Kg5 67.Qxe5+ Kh6 68.Qh8+ Kg5 69.Qd8+ Kh6 70.Rxg6+ Kxg6
71.Bb5 Rxg2 72.Be8+ Kh7 73.Qxh4 Bxh4 74.Kxg2 Bd8 75.a6 Bb6 76.d6  1-0

[Event "Budapest FS08 IM-A"]
[Site "Budapest"]
[Date "1995.??.??"]
[Round "3"]
[White "Gonzalez, J."]
[Black "Kiss, Gedeon"]
[Result "1/2-1/2"]
[WhiteElo "2375"]
[BlackElo "2120"]

1.d4 Nf6 2.c4 g6 3.Nc3 Bg7 4.e4 d6 5.Be2 O-O 6.Nf3 e5 7.O-O Nc6 8.d5 Ne7
9.Nd2 a5 10.Rb1 Nd7 11.a3 f5 12.b4 Kh8 13.Qc2 Ng8 14.exf5 gxf5 15.f4 Ne7
16.Nf3 e4 17.Ne1 Nf6 18.Bb2 axb4 19.axb4 c6 20.dxc6 bxc6 21.Kh1 Qb6 22.Na4 Qe3
23.Ra1 Ng4 24.g3 Ba6 25.Bxg4 fxg4 26.Nc5 Bxc4 27.Ng2 Qe2 28.Bxg7+ Kxg7 29.Qc3+ Kg8
30.Rae1 Nd5 31.Qc1 Qa2 32.Nxe4 Bxf1 33.Rxf1 Nxb4 34.f5 Qe2 35.Re1 Qf3 36.f6 Kh8
37.Qh6 Rg8 38.Ng5 Rxg5 39.Qxg5 Rg8 40.Qh6 Nd3 41.Ra1 Nf2+ 42.Kg1 Nh3+ 43.Kh1 Qc3
44.Ra8 Nf2+ 45.Kg1 Nh3+ 46.Kh1 Nf2+  1/2-1/2

[Event "Budapest FS04 GM"]
[Site "Budapest"]
[Date "1995.??.??"]
[Round "3"]
[White "Stajcic, Nikola"]
[Black "Gonzalez Garcia, Jose"]
[Result "0-1"]
[WhiteElo "2350"]
[BlackElo "2360"]

1.d4 Nf6 2.c4 g6 3.Nc3 Bg7 4.e4 d6 5.Nf3 O-O 6.Be2 e5 7.O-O Nc6 8.d5 Ne7
9.Ne1 Nd7 10.Be3 f5 11.f3 f4 12.Bf2 g5 13.a4 Ng6 14.Nb5 Nf6 15.Nxa7 Bd7 16.Nb5 g4
17.Nd3 g3 18.hxg3 Nh5 19.gxf4 exf4 20.Qe1 Qg5 21.Kh2 Qh6 22.Kg1 Qg5 23.Kh2 Bxb5
24.cxb5 Ne5 25.Rh1 Nxd3 26.Bxd3 Ng3 27.Bxg3 fxg3+ 28.Kg1 Bd4+ 29.Kf1 Rxf3+  0-1

[Event "Budapest FS03 GM"]
[Site "Budapest"]
[Date "1995.??.??"]
[Round "4"]
[White "Lukacs, Peter"]
[Black "Onoprienko, Konstantin"]
[Result "1-0"]
[WhiteElo "2490"]
[BlackElo "2335"]

1.d4 Nf6 2.c4 g6 3.Nc3 Bg7 4.e4 O-O 5.Nf3 d6 6.Be2 e5 7.O-O Nc6 8.d5 Ne7
9.Ne1 a5 10.Nd3 Nd7 11.f3 f5 12.g4 Kh8 13.Be3 Ng8 14.Qd2 f4 15.Bf2 h5 16.h3 Bf6
17.c5 dxc5 18.Nxc5 Nxc5 19.Bxc5 Rf7 20.Kg2 Bh4 21.Rad1 Qg5 22.d6 cxd6 23.Qd5 hxg4
24.hxg4 Bxg4 25.fxg4 f3+ 26.Bxf3 Rxf3 27.Kxf3 dxc5 28.Qe6 Ra6 29.Qd7 Qf4+
30.Ke2 Qh2+ 31.Kd3 c4+ 32.Kxc4 Rc6+ 33.Kb3 a4+ 34.Ka3 Qc2 35.Rh1 Qf2 36.Qd5 Qf8+
37.Kxa4  1-0

[Event "Budapest FS04 GM"]
[Site "Budapest"]
[Date "1995.??.??"]
[Round "4"]
[White "Illner, Achim"]
[Black "Gonzalez Garcia, Jose"]
[Result "1-0"]
[WhiteElo "2355"]
[BlackElo "2360"]

1.d4 Nf6 2.Nf3 g6 3.c4 Bg7 4.Nc3 O-O 5.e4 d6 6.Be2 e5 7.O-O Nc6 8.d5 Ne7
9.Ne1 Nd7 10.Be3 f5 11.f3 f4 12.Bf2 g5 13.a4 Ng6 14.a5 Rf7 15.c5 Nxc5 16.Bxc5 dxc5
17.Bc4 Kh8 18.a6 Rf6 19.axb7 Bxb7 20.Nd3 Bf8 21.Rf2 c6 22.b3 Bd6 23.Rfa2 a5
24.dxc6 Bxc6 25.Nd5 Rf8 26.Qd2 Ne7 27.Rxa5 Bxd5 28.exd5 Rxa5 29.Rxa5 Nf5
30.Nf2 Rg8 31.Ra6 Qe7 32.Bd3 Nd4 33.Qa5 Nxb3 34.Qb6 c4 35.Ra7 Qxa7 36.Qxa7 cxd3
37.Qb6  1-0

[Event "Budapest FS08 IM-A"]
[Site "Budapest"]
[Date "1995.??.??"]
[Round "4"]
[White "Meyer, P."]
[Black "Simeonidis, Ioannis"]
[Result "1/2-1/2"]
[WhiteElo "2350"]
[BlackElo "2205"]

1.Nf3 Nf6 2.c4 g6 3.Nc3 Bg7 4.e4 O-O 5.d4 d6 6.Be2 e5 7.O-O Nc6 8.Be3 exd4
9.Nxd4 Re8 10.f3 Nh5 11.Nxc6 bxc6 12.g4 Nf6 13.Qd2 c5 14.Rad1 Bb7 15.Rfe1 Rb8
16.Bf1 Nd7 17.g5 Ne5 18.Qf2 Nc6 19.Nd5 Nd4 20.Rd2 Bxd5 21.cxd5 f5 22.gxf6 Qxf6
23.Bg2 g5 24.Qg3 Re5 25.Rf2 Kh8 26.Qg4 Rg8 27.Kh1 a5 28.Rg1 Qe7 29.Bf1 Bf6
30.Bd3 Qf7 31.Rfg2 Ree8 32.Qh3 Be5 33.Rf1 Bf4 34.Bf2 Rg7 35.Be1 a4 36.Bc3 Be5
37.Bc2 Reg8 38.Bxa4 g4 39.Rxg4 Rxg4 40.fxg4 Qg6 41.Qg2 Qxg4 42.Qxg4 Rxg4
43.Bd7 Rxe4 44.Rf2 Ne2 45.Bxe5+ dxe5 46.Kg2 Nf4+ 47.Kf3 Rd4 48.Bc6 Kg7 49.Rc2 Kf6
50.a4 Rd3+ 51.Kf2 Nxd5 52.Bxd5 Rxd5 53.Ke3 Ke6  1/2-1/2

[Event "Budapest FS10 GM"]
[Site "Budapest"]
[Date "1995.??.??"]
[Round "5"]
[White "Gonzalez Garcia, Jose"]
[Black "Enders, Peter"]
[Result "1-0"]
[WhiteElo "2375"]
[BlackElo "2470"]

1.d4 Nf6 2.c4 g6 3.Nc3 Bg7 4.e4 d6 5.Be2 O-O 6.Nf3 e5 7.O-O Nc6 8.d5 Ne7
9.Nd2 c5 10.Rb1 Ne8 11.b4 b6 12.bxc5 bxc5 13.Nb3 Kh8 14.Bg5 f6 15.Bd2 f5
16.f3 f4 17.Nb5 h5 18.Ba5 Qd7 19.Nc1 g5 20.Nc3 g4 21.Qa4 Qxa4 22.Nxa4 Ng6
23.Nd3 Nh4 24.Nf2 gxf3 25.gxf3 Bf6 26.Kh1 Be7 27.Nc3 Rg8 28.Rg1 Rxg1+ 29.Kxg1 Ba6
30.Kf1 Bd8 31.Bxd8 Rxd8 32.Nb5 Rb8 33.Rb3 Rb7 34.Nd1 Kg8 35.Ra3 Bxb5 36.cxb5 Kf8
37.Ra6 Ke7 38.a4 Ng6 39.Nb2 Kd7 40.Nc4 Ne7 41.Kf2 Nc8 42.Bf1 Kc7 43.Bh3 Nb6
44.Na5 Kb8 45.Nxb7 Kxb7 46.a5 Nc7 47.axb6 Nxa6 48.bxa6+ Kxb6 49.Bf1 Ka5 50.Kg2 Kb4
51.Kh3 c4 52.Kh4 c3 53.Bd3 Kb3 54.Kxh5 Kb2 55.h4 Kc1 56.Bb5  1-0

[Event "Schneider mem op"]
[Site "Budapest"]
[Date "1995.??.??"]
[Round "5"]
[White "Zimmerman, Yuri"]
[Black "Farago, Sandor"]
[Result "1/2-1/2"]
[WhiteElo "2335"]
[BlackElo "2360"]

1.d4 Nf6 2.c4 g6 3.Nc3 Bg7 4.e4 d6 5.Be2 O-O 6.Nf3 e5 7.O-O Nc6 8.d5 Ne7
9.Ne1 Ne8 10.Nd3 f5 11.f4 exf4 12.Nxf4 c6 13.dxc6 bxc6 14.Bf3 Qb6+ 15.Kh1 Rb8
16.Qe1 Rb7 17.Nd3 Qd4 18.Nf4 Qxc4 19.Be2 Qf7 20.exf5 gxf5 21.Bh5 Qf6 22.Rf3 Nc7
23.Rg3 Ne6 24.Nxe6 Qxe6 25.Qxe6+ Bxe6 26.Bf4 Rd7 27.Rd1 Nd5 28.Nxd5 Bxd5
29.b3 Kh8 30.Re3 Bf6 31.Bf3 Bxf3 32.Rxf3 d5 33.Rc1 Re8 34.Bg3 f4 35.Bxf4 Bb2
36.Rd1 c5 37.h3 Bg7 38.Bg5 h6 39.Bf6 Re2 40.Bxg7+ Rxg7 41.Rxd5 Rexg2 42.Rf8+ Kh7
43.Rf7 Rg1+  1/2-1/2

[Event "Budapest FS08 IM-A"]
[Site "Budapest"]
[Date "1995.??.??"]
[Round "6"]
[White "Meyer, P."]
[Black "Boros, Daniel"]
[Result "1/2-1/2"]
[WhiteElo "2350"]
[BlackElo "2325"]

1.Nf3 Nf6 2.c4 g6 3.Nc3 Bg7 4.e4 d6 5.d4 O-O 6.Be2 e5 7.O-O Nc6 8.Be3 Ng4
9.Bg5 f6 10.Bh4 g5 11.Bg3 Nh6 12.d5 Ne7 13.Nd2 Ng6 14.b4 a5 15.a3 Nf4 16.Rc1 f5
17.exf5 Nxf5 18.Nde4 axb4 19.axb4 Nd4 20.Bd3 Bf5 21.f3 Qe8 22.Nf2 Nxd3 23.Nxd3 Qg6
24.Nf2 h5 25.h3 Bc2 26.Qe1 Rxf3 27.Nce4 Raa3 28.Rxc2 Rxg3 29.Nxg3 Nxc2 30.Qe4 Qxe4
31.Ngxe4 Ne3 32.Rc1 g4 33.hxg4 hxg4 34.c5 Bf8 35.Nf6+ Kf7 36.N6xg4 Nxg4 37.Nxg4 Rd3
38.c6 bxc6 39.dxc6 Rd4 40.b5 Rb4 41.Rf1+ Ke7 42.Nf6 Rxb5 43.Ng8+ Ke8 44.Nf6+ Ke7
45.Ng8+ Ke8  1/2-1/2

[Event "Budapest FS06 GM"]
[Site "Budapest"]
[Date "1995.??.??"]
[Round "7"]
[White "Lukacs, Peter"]
[Black "Kahn, Evarth"]
[Result "1/2-1/2"]
[WhiteElo "2490"]
[BlackElo "2400"]

1.d4 Nf6 2.c4 g6 3.Nc3 Bg7 4.e4 d6 5.Nf3 O-O 6.Be2 e5 7.O-O Nc6 8.Be3 Ng4
9.Bg5 f6 10.Bc1 Nh6 11.dxe5 dxe5 12.c5 Be6 13.Qa4 Ne7 14.Bxh6 Bxh6 15.Bc4 Bxc4
16.Qxc4+ Kg7 17.Qe6 Rf7 18.Rad1 Qe8 19.b4 a6 20.a4 Nc6 21.Qc4 a5 22.b5 Nd8
23.Nd5 Ne6 24.g3 Kh8  1/2-1/2

[Event "Budapest FS04 GM"]
[Site "Budapest"]
[Date "1995.??.??"]
[Round "8"]
[White "Volzhin, Alexander"]
[Black "Farago, Sandor"]
[Result "1-0"]
[WhiteElo "2425"]
[BlackElo "2360"]

1.d4 Nf6 2.c4 g6 3.Nc3 Bg7 4.e4 d6 5.Nf3 O-O 6.Be2 e5 7.O-O Nc6 8.d5 Ne7
9.Nd2 Ne8 10.b4 f5 11.c5 Kh8 12.a4 c6 13.Nc4 fxe4 14.Bg5 Bf6 15.Bh6 Bg7 16.Bxg7+ Kxg7
17.dxc6 d5 18.cxb7 Bxb7 19.Na5 Rb8 20.Nxe4 Bc8 21.Bb5 Nc7 22.Nd6 a6 23.Bc6 Rxb4
24.Qe1 Rbf4 25.Qxe5+ R4f6 26.Rfe1 Ne6 27.Bxd5 Qxa5 28.Nxc8 Nxd5 29.Qxd5 Qxc5
30.Qxc5 Nxc5 31.Re7+ Kh6 32.Rc7 Nb3 33.Ra2 Rd8 34.g3 Rd1+ 35.Kg2 Nd4 36.Ne7 Rf7
37.Nd5 Rxc7 38.Nxc7 a5 39.Nd5 Nb3 40.Ne3 Rd4 41.Rb2 Nc5 42.Rb5 Nxa4 43.Rxa5 Kg7
44.Nd5 Nb2 45.Ra7+ Kf8 46.Nf4 Kg8 47.Ne6 Rd2 48.Ra8+ Kf7 49.Ng5+ Ke7 50.Ra7+ Ke8
51.Ne4 Rd4 52.Nf6+ Kd8 53.Nxh7 Nd3 54.Ra6 Rd7 55.Nf8 Rf7 56.Ra8+ Ke7 57.Nxg6+ Kf6
58.Ra6+ Kg7 59.f4 Nb4 60.Rd6  1-0

[Event "Budapest FS08 IM-A"]
[Site "Budapest"]
[Date "1995.??.??"]
[Round "8"]
[White "Gonzalez, J."]
[Black "Boros, Daniel"]
[Result "1-0"]
[WhiteElo "2375"]
[BlackElo "2325"]

1.d4 Nf6 2.c4 g6 3.Nc3 Bg7 4.e4 d6 5.Be2 O-O 6.Nf3 e5 7.O-O Nc6 8.d5 Ne7
9.Nd2 a5 10.a3 Nd7 11.Rb1 f5 12.b4 Kh8 13.f3 Ng8 14.Qc2 Ngf6 15.Bd3 f4 16.Nb5 b6
17.Bb2 Ne8 18.Be2 h5 19.c5 bxc5 20.bxc5 Nxc5 21.a4 g5 22.Ba3 Na6 23.Rfc1 Bd7
24.Nc3 Rg8 25.Bb5 g4 26.Bxd7 Qxd7 27.Nb5 Bh6 28.Qc6 Rd8 29.Rc2 gxf3 30.Nxf3 Qh7
31.Re1 Nb8 32.Qc3 Rd7 33.Qxa5 Rdg7 34.Nxc7 Rxc7 35.Rxc7 Nxc7 36.Bxd6 Qg6
37.Bxe5+ Bg7 38.Nh4 Qg5 39.Nf3 Qg6 40.Re2 Bxe5 41.Nxe5 Qg7 42.Qb6 Kh7 43.Nf3 Qc3
44.Qd6 Qc1+ 45.Kf2 Nca6 46.Qe7+ Rg7 47.Ng5+ Kg6 48.Qe5 Qc5+ 49.Kf1 Qe7 50.Ne6 Rf7
51.Nxf4+ Kh7 52.Qxh5+ Kg8 53.Qg6+ Kh8 54.Qh6+ Kg8 55.Re3  1-0

[Event "Budapest Statistika"]
[Site "Budapest"]
[Date "1995.??.??"]
[Round "8"]
[White "Petran, Pal"]
[Black "Golubovic, Boris"]
[Result "1-0"]
[WhiteElo "2420"]
[BlackElo "2355"]

1.d4 Nf6 2.c4 g6 3.Nc3 Bg7 4.e4 d6 5.Nf3 O-O 6.Be2 e5 7.O-O Nc6 8.d5 Ne7
9.Ne1 Nd7 10.Be3 f5 11.f3 f4 12.Bf2 g5 13.a4 Ng6 14.a5 Nf6 15.c5 Rf7 16.cxd6 cxd6
17.Kh1 Bd7 18.Bb5 Bc8 19.Be2 Bd7 20.Nc2 Bf8 21.a6 b6 22.Nb4 Rg7 23.Nc6 Qe8
24.Nb5 Bc8 25.Ncxa7 Raxa7 26.Nxa7 Rxa7 27.Bxb6 Ra8 28.Qb3 Nh4 29.Bf2 Qh5
30.Bxh4 Qxh4 31.Qb4 Nh5 32.Kg1 Ng3 33.Rfe1 Nxe2+ 34.Rxe2 Rxa6 35.Rc1 g4 36.Rec2 g3
37.h3 Bxh3 38.gxh3 Qxh3 39.Qb7 Ra2 40.b4 Ra3 41.Qc8 Qxc8 42.Rxc8 Rxf3 43.R8c3 Rf2
44.R1c2 Be7 45.Rxf2 gxf2+ 46.Kxf2 Kf7 47.Rc8  1-0

[Event "Budapest FS02 IM-A"]
[Site "Budapest"]
[Date "1995.??.??"]
[Round "8"]
[White "Gonzalez Garcia, Jose"]
[Black "Balogh, Bela"]
[Result "1-0"]
[WhiteElo "2360"]
[BlackElo "2225"]

1.d4 Nf6 2.c4 g6 3.Nc3 Bg7 4.e4 d6 5.Be2 O-O 6.Nf3 e5 7.O-O Nc6 8.d5 Ne7
9.Nd2 Nd7 10.b4 f5 11.c5 Nf6 12.f3 Kh8 13.Nc4 f4 14.a4 g5 15.Ba3 Ne8 16.b5 Rf6
17.a5 Rg6 18.b6 axb6 19.axb6 dxc5 20.Nb5 Rxb6 21.Nxb6 cxb6 22.Bb2 Ra6 23.Na7 Rxa1
24.Qxa1 Qc7 25.Bb5 Bd7 26.Bxd7 Qxd7 27.Bxe5 b5 28.Bxg7+ Nxg7 29.Qa5  1-0

[Event "Budapest"]
[Site "Budapest"]
[Date "1995.??.??"]
[Round "9"]
[White "Fancsy, Imre"]
[Black "Izsak, Gyula"]
[Result "1/2-1/2"]
[WhiteElo "2365"]
[BlackElo "2445"]

1.d4 g6 2.c4 Bg7 3.Nc3 Nf6 4.e4 d6 5.Nf3 O-O 6.Be2 e5 7.O-O Nc6 8.d5 Ne7
9.Ne1 Ne8 10.f3 f5  1/2-1/2